Statistics for 100 Most Populous Cities in Each Continent With a Map

Click here to take the quiz!

General Stats

  • This quiz has been taken 2,986 times
  • The average score is 276 of 600

Answers on the Map

Answers color-coded by a green-red scale on the quiz's map according to % correct below.
 

Answer Stats

ContinentPopulationCity% Correct
Europe14,800,000London
92%
Europe6,700,000Madrid
91%
North America21,800,000New York
91%
Europe11,400,000Paris
91%
South America835,000Barcelona
90%
Europe4,875,000Barcelona
90%
North America17,600,000Los Angeles
90%
Europe17,400,000Moscow
90%
Europe3,500,000Rome
90%
Europe4,750,000Berlin
89%
Europe1,400,000Dublin
89%
Europe16,200,000Istanbul
89%
Asia16,200,000Istanbul
89%
Europe2,500,000Lisbon
89%
North America24,500,000Mexico City
89%
Europe5,650,000Saint Petersburg
89%
North America7,650,000Toronto
89%
Europe3,500,000Athens
88%
Africa21,500,000Cairo
88%
North America9,650,000Chicago
88%
Europe3,475,000Kiev
88%
North America6,350,000Miami
88%
Europe6,150,000Milan
88%
Europe1,210,000Oslo
88%
North America7,750,000San Francisco
88%
North America2,900,000Vancouver
88%
Europe2,500,000Amsterdam
87%
North America7,700,000Boston
87%
North America7,300,000Dallas
87%
North America2,225,000Havana
87%
Europe1,320,000Helsinki
87%
North America6,800,000Houston
87%
Europe3,075,000Manchester
87%
North America4,475,000Seattle
87%
Europe2,250,000Stockholm
87%
Asia40,500,000Tokyo
87%
Europe2,725,000Brussels
86%
Asia31,300,000Delhi
86%
Europe4,150,000Naples
86%
Oceania5,400,000Sydney
86%
Europe2,350,000Warsaw
86%
North America8,550,000Washington, D.C.
86%
Asia5,150,000Ankara
85%
Asia20,000,000Beijing
85%
Europe3,150,000Birmingham
85%
North America770,000Birmingham
85%
Europe2,625,000Budapest
85%
Europe1,690,000Copenhagen
85%
Europe1,550,000Porto
85%
South America13,300,000Rio de Janeiro
85%
North America5,425,000San Diego / Tijuana
85%
Europe2,225,000Vienna
85%
Europe2,200,000Bucharest
84%
Europe935,000Edinburgh
84%
Europe1,690,000Glasgow
84%
Asia32,100,000Jakarta
84%
South America11,100,000Lima
84%
Europe1,880,000Liverpool
84%
Europe2,275,000Munich
84%
North America5,900,000Atlanta
83%
South America16,600,000Buenos Aires
83%
Africa4,300,000Cape Town
83%
North America5,750,000Detroit
83%
Asia5,700,000Dubai
83%
Europe2,875,000Hamburg
83%
Africa14,200,000Johannesburg
83%
North America2,300,000Las Vegas
83%
Asia26,300,000Manila
83%
Europe1,680,000Marseille
83%
North America1,220,000Melbourne
83%
Oceania5,050,000Melbourne
83%
Europe2,050,000Minsk
83%
North America4,325,000Montreal
83%
Asia25,600,000Mumbai
83%
North America7,350,000Philadelphia
83%
Europe3,275,000Rotterdam / The Hague
83%
Asia2,900,000Sana'a
83%
South America7,800,000Santiago
83%
Asia25,000,000Seoul
83%
Asia34,100,000Shanghai
83%
Asia15,500,000Tehran
83%
Africa2,725,000Tunis
83%
Asia7,150,000Baghdad
82%
Asia19,400,000Bangkok
82%
South America9,800,000Bogotá
82%
North America3,800,000Denver
82%
Europe3,275,000Frankfurt am Main
82%
Africa20,100,000Lagos
82%
Oceania2,075,000Perth
82%
North America4,800,000Phoenix
82%
Europe1,460,000Prague
82%
North America2,375,000San José
82%
South America22,600,000São Paulo
82%
Europe1,300,000Sofia
82%
Europe1,450,000Zurich
82%
Africa5,950,000Alexandria
81%
Africa4,025,000Algiers
81%
Oceania1,490,000Auckland
81%
Europe1,990,000Lyon
81%
North America1,010,000New Orleans
81%
North America1,290,000Ottawa
81%
North America1,560,000Panama City
81%
South America1,560,000Panama City
81%
Oceania215,000Wellington
81%
North America2,000,000Austin
80%
Europe1,430,000Belgrade
80%
South America4,050,000Brasília
80%
Europe5,000,000Cologne / Dusseldorf
80%
Asia17,700,000Osaka
80%
North America2,450,000Portland
80%
Europe810,000Zagreb
80%
South America3,775,000Caracas
79%
Africa4,550,000Casablanca
79%
North America3,500,000Orlando
79%
Asia8,400,000Riyadh
79%
Africa1,290,000Tripoli
79%
Asia20,300,000Dhaka
78%
Asia10,600,000Ho Chi Minh City
78%
Asia7,550,000Hong Kong
78%
Africa6,100,000Nairobi
78%
North America3,325,000Port-au-Prince
78%
South America2,775,000Quito
78%
Europe1,300,000Seville
78%
Asia7,900,000Singapore
78%
Asia2,725,000Tel Aviv-Jaffa
78%
Europe1,870,000Valencia
78%
South America2,025,000Valencia
78%
Asia3,900,000Damascus
77%
Africa6,450,000Dar es Salaam
77%
Europe1,000,000Florence
77%
North America3,200,000Guatemala City
77%
Asia4,475,000Kabul
77%
Africa16,250,000Kinshasa / Brazzaville
77%
North America3,200,000Minneapolis
77%
Europe945,000Nice
77%
Africa2,075,000Rabat
77%
Africa3,900,000Addis Ababa
76%
Asia47,600,000Guangzhou
76%
Asia4,025,000Hanoi
76%
Oceania820,000Honolulu
76%
Asia17,000,000Kolkata
76%
Asia9,150,000Kuala Lumpur
76%
Asia4,500,000Kuwait City
76%
South America2,125,000La Paz
76%
Europe2,150,000Leeds
76%
North America2,100,000Sacramento
76%
North America4,475,000Tampa
76%
Europe872,500Tirana
76%
Europe1,610,000Turin
76%
Europe790,000Geneva
75%
North America1,470,000Jacksonville
75%
Europe820,000Kraków
75%
North America2,525,000Salt Lake City
75%
North America4,000,000Santo Domingo
75%
North America1,520,000Calgary
74%
Africa3,925,000Dakar
74%
North America1,370,000Edmonton
74%
Asia18,200,000Karachi
74%
South America1,870,000Montevideo
74%
Asia2,975,000Pyongyang
74%
Asia9,150,000Taipei
74%
Asia5,700,000Amman
73%
Europe1,230,000Antwerp
73%
Oceania3,225,000Brisbane
73%
Europe960,000Cardiff
73%
North America2,575,000Ciudad Juárez / El Paso
73%
North America2,025,000Indianapolis
73%
Africa6,500,000Khartoum
73%
Oceania491,000Newcastle
73%
Europe1,490,000Newcastle
73%
Europe900,000Palermo
73%
North America2,250,000San Antonio
73%
North America5,550,000Guadalajara
72%
North America2,000,000Kansas City
72%
Africa2,000,000Mogadishu
72%
North America1,500,000Nashville
72%
North America1,160,000Oklahoma City
72%
North America1,880,000San Salvador
72%
Oceania1,360,000Adelaide
71%
Europe1,100,000Bordeaux
71%
Oceania462,000Canberra
71%
North America3,050,000Cleveland
71%
Africa8,450,000Luanda
71%
North America1,160,000Memphis
71%
Europe1,110,000Odessa
71%
North America2,350,000St. Louis
71%
Africa5,200,000Accra
70%
Asia4,825,000Colombo
70%
Asia3,200,000Kathmandu
70%
Asia9,250,000Wuhan
70%
South America2,375,000Asunción
69%
North America2,500,000Charlotte
69%
North America2,025,000Pittsburgh
69%
North America832,500Quebec City
69%
Africa3,725,000Abuja
68%
Europe910,000Bilbao
68%
North America1,350,000Buffalo
68%
Europe905,000Gdánsk
68%
Asia13,500,000Lahore
68%
South America560,000San Juan
68%
North America1,920,000San Juan
68%
Europe2,400,000Stuttgart
68%
Asia12,700,000Bangalore
67%
Asia11,600,000Chennai
67%
North America1,770,000Columbus
67%
Asia5,150,000Jeddah
67%
North America1,550,000Milwaukee
67%
Europe805,000Thessaloniki
67%
Asia7,100,000Xi'an
67%
Africa2,750,000Antananarivo
66%
North America2,800,000Cincinnati
66%
Africa1,860,000Freetown
66%
South America4,100,000Medellín
66%
Europe1,080,000Toulouse
66%
Europe925,000Bristol
65%
Europe835,000Dresden
65%
Asia10,400,000Hyderabad
65%
North America5,600,000Monterrey
65%
North America770,000Albuquerque
64%
Oceania383,000Christchurch
64%
Asia3,050,000Izmir
64%
Oceania447,000Port Moresby
64%
Asia3,300,000Tashkent
64%
North America850,000Winnipeg
64%
South America5,050,000Belo Horizonte
63%
Asia4,075,000Busan
63%
Oceania133,000Darwin
63%
Africa3,675,000Kampala
63%
North America1,350,000Managua
63%
Africa1,650,000Monrovia
63%
Europe1,570,000Sheffield
63%
Africa1,290,000Fes
62%
Africa2,075,000Harare
62%
Europe1,300,000Lille
62%
Europe1,060,000Málaga
62%
North America907,500Cancún
61%
Europe1,440,000Donetsk
61%
Africa3,475,000Durban
61%
Europe1,630,000Kharkiv
61%
Africa2,350,000Maputo
61%
Africa1,130,000Marrakesh
61%
Europe1,200,000Nuremberg
61%
North America1,690,000Raleigh
61%
Europe1,150,000Southampton
61%
North America1,170,000Tegucigalpa
61%
Europe747,500Leipzig
60%
Africa2,800,000Lusaka
60%
South America2,250,000Manaus
60%
Asia10,500,000Nagoya
60%
Asia5,750,000Yangon
60%
Africa3,500,000Yaoundé
60%
Asia13,200,000Tianjin
59%
North America1,000,000Tucson
59%
Africa5,750,000Abidjan
58%
Africa3,675,000Bamako
58%
Europe1,000,000Bremen
58%
Europe1,150,000Hanover
58%
North America1,080,000Richmond
58%
Asia8,750,000Ahmedabad
57%
Africa1,230,000Kigali
57%
Africa1,610,000Ndjamena
57%
Europe1,380,000Nottingham
57%
Africa2,650,000Ouagadougou
57%
Asia10,000,000Chengdu
56%
Africa2,600,000Conakry
56%
Africa835,000Libreville
56%
North America1,060,000Louisville
56%
Africa1,350,000Niamey
56%
South America3,850,000Recife
56%
North America1,620,000Virginia Beach
56%
Europe1,400,000Volgograd
56%
Africa962,500Asmara
55%
Oceania186,000Suva
55%
Asia10,200,000Xiamen
55%
Europe770,000Basel
54%
Oceania217,000Hobart
54%
Europe1,730,000Nizhny Novgorod
54%
Asia4,175,000Ürümqi
54%
Europe1,670,000Yekaterinburg
54%
Africa1,230,000Bangui
53%
South America2,900,000Cali
53%
Africa2,175,000Lomé
53%
North America802,500Omaha
53%
South America3,625,000Salvador
53%
Asia5,000,000Chittagong
52%
Asia8,400,000Chongqing
52%
North America702,500Fresno
52%
Africa4,850,000Kano
52%
Europe830,000Łódź
52%
Asia6,700,000Nanjing
52%
Africa1,310,000Nouakchott
52%
Africa1,380,000Port Elizabeth
52%
North America705,000Tulsa
52%
Africa1,010,000Banjul
51%
South America1,680,000Córdoba
51%
Africa1,250,000Mombasa
51%
South America4,150,000Porto Alegre
51%
Europe1,300,000Rostov-on-Don
51%
South America3,725,000Fortaleza
50%
South America3,200,000Guayaquil
50%
Africa1,090,000Lilongwe
50%
Asia7,100,000Pune
50%
Europe995,000Utrecht
50%
Africa825,000Benghazi
49%
Asia5,150,000Harbin
49%
Oceania71,000Apia
48%
North America1,690,000Hartford
48%
Europe1,380,000Dnepropetrovsk
47%
Europe1,260,000Kazan
47%
Asia6,150,000Surabaya
47%
Asia4,050,000Jaipur
46%
Europe2,325,000Katowice
46%
Africa1,510,000Oran
46%
Africa1,140,000Tangier
46%
South America2,250,000Belém
45%
Europe1,580,000Mannheim
44%
North America717,500Rochester
44%
Asia7,050,000Bandung
43%
Asia8,600,000Hangzhou
43%
Europe1,130,000Ufa
43%
Asia3,250,000Isfahan
42%
North America4,025,000Puebla
42%
South America2,150,000Barranquilla
41%
Asia2,750,000Fukuoka
41%
North America1,340,000Harrisburg
41%
Oceania159,000Honiara
41%
Europe1,110,000Perm
41%
Asia6,250,000Qingdao
41%
South America1,380,000Rosario
41%
South America2,175,000Santa Cruz
41%
Asia2,775,000Cebu
40%
Asia3,800,000Lucknow
40%
South America2,675,000Maracaibo
40%
Europe1,300,000Samara
40%
Europe5,650,000The Ruhr
40%
Oceania154,000Cairns
39%
South America477,000Cusco
39%
Oceania58,000Port Vila
39%
Europe812,500Aachen
38%
South America3,450,000Curitiba
38%
Africa3,450,000Douala
38%
Asia6,900,000Surat
38%
Africa1,700,000Benin City
37%
Africa1,010,000Bujumbura
37%
North America1,130,000Greensboro
37%
Europe915,000Krasnodar
37%
South America1,150,000Cartagena
36%
Africa1,890,000Cotonou
36%
Asia4,625,000Dalian
36%
Asia4,100,000Fuzhou
36%
Africa3,675,000Ibadan
36%
Oceania37,000Nuku'alofa
36%
North America1,260,000Mérida
35%
Africa737,500Port Said
35%
South America1,030,000Valparaíso
35%
Europe1,400,000Chelyabinsk
34%
North America1,010,000Chihuahua
34%
Asia3,250,000Mashhad
34%
Asia4,075,000Medan
34%
North America895,000Mexicali
34%
Asia8,100,000Shenyang
34%
Oceania63,500South Tarawa
34%
Asia3,750,000Faisalabad
33%
Europe907,500Saarbrücken
33%
Africa705,000Zanzibar
33%
Asia4,325,000Kunming
32%
South America1,430,000Natal
32%
Africa2,425,000Port Harcourt
32%
Asia3,550,000Rawalpindi
32%
Asia5,100,000Zhengzhou
32%
Europe935,000Bielefeld
31%
North America2,150,000León
31%
Africa2,450,000Lubumbashi
31%
North America2,525,000Reynosa / McAllen
31%
North America1,290,000Stockton
31%
Asia5,050,000Changsha
30%
Asia5,100,000Hefei
30%
Oceania34,250Albany
29%
Africa3,075,000Kumasi
29%
Asia3,325,000Nagpur
29%
North America677,500Nuevo Laredo / Laredo
29%
Europe1,060,000Voronezh
29%
Africa1,220,000Agadir
28%
Oceania47,750Hilo
28%
South America540,000Santa Fe
28%
South America1,450,000São Luís
28%
Oceania106,000Dunedin
27%
South America1,110,000Mendoza
27%
Asia3,575,000Nanning
27%
North America715,000Veracruz
27%
Asia5,400,000Wenzhou
27%
South America1,130,000Arequipa
26%
Oceania177,000Hamilton
26%
Asia2,775,000Kaohsiung
26%
North America1,230,000San Pedro Sula
26%
Europe1,080,000Saratov
26%
Asia7,750,000Shantou
26%
South America3,250,000Campinas
25%
Oceania306,000Wollongong
25%
South America2,450,000Goiânia
24%
Asia3,500,000Kanpur
24%
North America1,130,000Cape Coral
23%
Asia3,275,000Indore
23%
Oceania182,000Townsville
23%
Africa777,500Cabinda
22%
South America1,360,000Cochabamba
22%
North America2,550,000Toluca
22%
Asia3,325,000Ningbo
21%
Oceania182,000Nouméa
21%
Africa1,220,000Pointe-Noire
21%
South America1,760,000Santos
21%
Africa1,170,000Sousse
21%
Asia3,750,000Changchun
20%
Africa707,500East London
20%
South America1,010,000Florianópolis
20%
Asia4,600,000Jinan
20%
Asia2,925,000Lanzhou
20%
North America1,310,000San Luis Potosí
20%
Oceania341,000Sunshine Coast
20%
Africa987,500Hargeysa
19%
Africa2,175,000Mbuji-Mayi
19%
North America1,150,000Aguascalientes
18%
Africa932,500Blantyre
18%
Oceania122,000Faaa / Punaauia / Papeete
18%
Oceania276,000Geelong
18%
South America645,000Salta
18%
South America1,030,000San Miguel de Tucumán
18%
Asia4,800,000Shijiazhuang
18%
Asia4,175,000Taiyuan
18%
South America987,500Trujillo
18%
South America787,500Ciudad del Este / Foz do Iguaçu
17%
Asia2,775,000Coimbatore
17%
South America722,500Concepción
17%
Europe755,000Tolyatti
17%
South America1,870,000Vitória
17%
Africa1,180,000Aba
16%
South America1,280,000Bucaramanga
16%
Africa1,150,000Kisangani
16%
North America1,540,000Querétaro
16%
Asia3,600,000Zibo
16%
Asia3,400,000Guiyang
15%
North America855,000Hermosillo
15%
South America1,140,000João Pessoa
15%
Africa1,940,000Kaduna
15%
Oceania88,000Launceston
15%
Asia3,975,000Nanchang
15%
Oceania79,000Rockhampton
15%
North America1,370,000Torreón
15%
Africa1,280,000Benguela
14%
South America885,000Campo Grande
14%
South America882,500Cuiabá
14%
Asia2,875,000Gujranwala
14%
Oceania183,000Lae
14%
South America1,430,000Maracay
14%
Oceania51,000Nelson
14%
South America1,310,000Barquisimeto
13%
Asia2,975,000Bhilai
13%
Oceania50,000Invercargill
13%
Africa1,050,000Jos
13%
South America1,120,000Maceió
13%
South America625,000Mar del Plata
13%
South America1,040,000Teresina
13%
South America892,500Ciudad Guayana
12%
Oceania274,000Jayapura
12%
Africa1,210,000Kananga
12%
Africa1,250,000Maiduguri
12%
South America500,000Porto Velho
12%
Oceania101,000Bendigo
11%
Africa972,500Bobo-Dioulasso
11%
North America817,500Culiacán
11%
Africa1,030,000Enugu
11%
Asia2,875,000Huizhou
11%
Oceania80,500Mackay
11%
Africa882,500Misrata
11%
Africa1,120,000Mwanza
11%
Oceania66,500Napier
11%
Africa1,240,000Onitsha
11%
Oceania47,500Saipan
11%
North America1,040,000Saltillo
11%
Asia2,975,000Tangshan
11%
Oceania151,000Tauranga
11%
Oceania138,000Toowoomba
11%
Africa1,110,000Touba
11%
Asia2,950,000Xuzhou
11%
South America1,010,000Aracaju
10%
Oceania108,000Ballarat
10%
Africa672,500Huambo
10%
Oceania29,250Kalgoorlie
10%
South America600,000Macapá
10%
North America777,500Morelia
10%
Oceania81,500Palmerston North
10%
Oceania58,500Rotorua
10%
South America484,000Santa Marta
10%
North America797,500Tampico
10%
South America672,500Uberlândia
10%
Oceania56,500Wagga Wagga
10%
Africa1,030,000Warri
10%
Oceania95,000Albury
9%
Oceania74,500Bunbury
9%
South America1,000,000Cúcuta
9%
North America1,170,000Cuernavaca
9%
Africa1,120,000Ilorin
9%
Africa827,500Lubango
9%
Africa847,500Nampula
9%
Oceania40,750Orange
9%
Africa945,000Sokoto
9%
Africa642,500Tamale
9%
Africa1,030,000Zaria
9%
South America650,000Chiclayo
8%
Oceania140,000Dededo / Hagåtña
8%
Oceania37,000Gisborne
8%
Oceania49,000Hastings
8%
South America837,500Joinville
8%
Oceania60,500Kahului
8%
Oceania116,000Kailua / Kaneohe
8%
Africa685,000Kitwe
8%
South America720,000Londrina
8%
Oceania71,000Nadi
8%
Africa922,500Nyala
8%
South America522,500Piura
8%
South America1,040,000São José dos Campos
8%
Oceania54,500Whangarei
8%
South America473,000Blumenau
7%
Africa1,080,000Bukavu
7%
Oceania71,500Bundaberg
7%
South America487,000Campos dos Goytacazes
7%
South America560,000Caxias do Sul
7%
Oceania72,500Coffs Harbour
7%
Oceania38,750Dubbo
7%
South America565,000Feira de Santana
7%
Oceania37,250Geraldton
7%
South America441,000Huancayo
7%
South America585,000Juiz de Fora
7%
Oceania31,500Kailua / Holualoa
7%
Oceania111,000Lower Hutt
7%
Oceania52,000Mildura
7%
Oceania57,500New Plymouth
7%
South America680,000Pereira
7%
South America436,000Petrolina
7%
Oceania48,750Port Macquarie
7%
South America458,000Posadas
7%
South America825,000Resistencia
7%
Oceania102,000Rimba Jaya / Mandala
7%
South America467,000San Cristóbal
7%
Africa690,000Abeokuta
6%
Oceania37,250Bathurst
6%
Oceania30,750Devonport
6%
Oceania45,750Gladstone
6%
South America502,500Ibagué
6%
South America463,000Macaé
6%
Africa665,000Malanje
6%
South America480,000Manizales
6%
South America625,000Maringá
6%
South America507,500Maturín
6%
Oceania29,750Mount Gambier
6%
South America860,000Ribeirão Preto
6%
Oceania52,000Shepparton / Mooroopna
6%
South America865,000Sorocaba
6%
Oceania155,000Sorong
6%
Oceania43,250Tamworth
6%
Oceania44,250Upper Hutt
6%
Oceania35,500Warrnambool
6%
Oceania42,250Whanganui
6%
Africa667,500Akure
5%
Oceania39,500Busselton
5%
South America477,000Cabimas
5%
Oceania55,500Hervey Bay
5%
South America542,500Ipatinga
5%
Oceania28,500Lismore
5%
Oceania44,250Madang
5%
Africa667,500Merca
5%
Oceania36,500Mount Hagen
5%
Oceania37,750Nowra / Bomaderry
5%
South America452,000Piracicaba
5%
Oceania28,750Timaru
5%
Africa920,000Tshikapa
5%
South America468,000Valledupar
5%
South America502,500Villavicencio
5%
South America478,000Volta Redonda
5%
Oceania40,500Bowral / Mittagong
4%
Africa680,000Bunia
4%
South America585,000Itajaí
4%
Oceania71,500Lautoka
4%
Oceania52,500Manokwari
4%
Oceania72,000Melton
4%
Africa950,000Oshogbo
4%
Oceania59,500Porirua
4%
South America580,000São José do Rio Preto
4%
South America515,000Taubaté
4%
Oceania42,250Traralgon
4%
Oceania39,250Warragul
4%
Oceania46,500Wewak
4%
South America463,000Guarenas
3%
Oceania58,000Nausori
3%
Oceania30,000Paraparaumu
3%
Oceania60,000Hibiscus Coast
2%
Oceania28,500Hinekombe
1%
Oceania99,500Koperapoka / Kwamki
1%
Oceania49,000Nabarua / Kalibobo
1%
Oceania42,000Wamena Kota
1%

Score Distribution

Percentile by Number Answered

Percent of People with Each Score

Your Score History

You have not taken this quiz